Le monde de l'électronique : Son évolution et son avenir

Salvato in:
Dettagli Bibliografici
Autore principale: Hallopeau, F.
Natura: Libro
Lingua:Undetermined
Pubblicazione: Paris Editions Radio 1981
Soggetti:
Tags: Aggiungi Tag
Nessun Tag, puoi essere il primo ad aggiungerne! !
Thư viện lưu trữ: Trung tâm Học liệu Trường Đại học Cần Thơ
LEADER 00505nam a2200193Ia 4500
001 CTU_98702
008 210402s9999 xx 000 0 und d
082 |a 621.381 
082 |b H192 
100 |a Hallopeau, F. 
245 0 |a Le monde de l'électronique : 
245 0 |b Son évolution et son avenir 
245 0 |c F. Hallopeau 
260 |a Paris 
260 |b Editions Radio 
260 |c 1981 
650 |a Electronics 
904 |i Giang 
980 |a Trung tâm Học liệu Trường Đại học Cần Thơ